Water and wastewater engineering : (Record no. 127683)

MARC details
000 -LEADER
fixed length control field 01539cam a2200265 a 4500
008 - FIXED-LENGTH DATA ELEMENTS--GENERAL INFORMATION
fixed length control field
020 ## - INTERNATIONAL STANDARD BOOK NUMBER
International Standard Book Number 9780073397863 (hbk.)
049 ## - LOCAL HOLDINGS (OCLC)
Holding library MAIN
090 ## - LOCALLY ASSIGNED LC-TYPE CALL NUMBER (OCLC); LOCAL CALL NUMBER (RLIN)
Classification number (OCLC) (R) ; Classification number, CALL (RLIN) (NR) TD345
Local cutter number (OCLC) ; Book number/undivided call number, CALL (RLIN) DAV
003 - CONTROL NUMBER IDENTIFIER
control field
005 - DATE AND TIME OF LATEST TRANSACTION
control field 20231220100018.0
040 ## - CATALOGING SOURCE
Transcribing agency NUST
100 1# - MAIN ENTRY--PERSONAL NAME
Personal name Davis, Mackenzie L.
245 10 - TITLE STATEMENT
Title Water and wastewater engineering :
Remainder of title design principles and practice /
Statement of responsibility, etc. Mackenzie L. Davis.
260 ## - PUBLICATION, DISTRIBUTION, ETC.
Place of publication, distribution, etc. New York :
Name of publisher, distributor, etc. McGraw-Hill,
Date of publication, distribution, etc. c2011.
300 ## - PHYSICAL DESCRIPTION
Extent xx, (various pagings) :
Other physical details ill. ;
Dimensions 24 cm.
500 ## - GENERAL NOTE
General note Includes index.
504 ## - BIBLIOGRAPHY, ETC. NOTE
Bibliography, etc. note Includes bibliographical references.
505 0# - FORMATTED CONTENTS NOTE
Formatted contents note The design and construction process -- General water supply design considerations -- Coagulation and flocculation -- Lime-soda softening -- Ion exchange -- Reverse osmosis and nanofiltration -- Sedimentation -- Granular filtration -- Membration filtrarion -- Disinfection and flouridation -- Water plant residuals management -- General wastewater collection and treatment design considerations -- Headworks and preliminary treatment -- Primary treatment -- Wastewater microbiology -- Secondary tretment by suspended growth biological processes -- Secondary treatment by attached growth and hybrid biological process -- Secondary setting, disinfection, and postaeration -- Tertiary treatment -- Wastewater plant residuals management.
650 #0 - SUBJECT ADDED ENTRY--TOPICAL TERM
Topical term or geographic name entry element Water-supply engineering.
650 #0 - SUBJECT ADDED ENTRY--TOPICAL TERM
Topical term or geographic name entry element Sewage disposal.
650 #0 - SUBJECT ADDED ENTRY--TOPICAL TERM
Topical term or geographic name entry element Sewage
General subdivision Purification.
907 ## - LOCAL DATA ELEMENT G, LDG (RLIN)
a .b10346764
b 08-10-16
c 18-08-14
942 ## - ADDED ENTRY ELEMENTS (KOHA)
Koha item type Ordinary Loan Books
Call number prefix TD345
Call number suffix DAV
Koha issues (borrowed), all copies 1
Holdings
Date last seen Total Checkouts Full call number Barcode Date last checked out Cost, replacement price Price effective from Koha item type Lost status Source of classification or shelving scheme Damaged status Not for loan Collection Withdrawn status Home library Current library Shelving location Date acquired Cost, normal purchase price
12/21/2023 12 TD345 DAV 92004036569 12/20/2023 80.00 01/23/2023 BOOKS   LCC     NFIC   MAIN MAIN GEN 01/23/2023 80.00